000
00286 a2200121 4500
001
66152
082
_b
629.13232KLU
090
_c
38447
_d
38447
100
_a
Kluwer Academic Pub
245
_a
Modleing complex turbuilent flows
260
_a
Dordrcht
_b
Kluwer
_c
1999
300
_a
384
942
_a
NUST-CAE
_k
629.13232KLU
999
_c
301225
_d
301225